LEADER 02817oam 2200673I 450
001 9910459192103321
005 20200520144314.0
010 $a0-429-11095-2
010 $a1-282-94167-4
010 $a9786612941672
010 $a1-84184-763-1
024 7 $a10.3109/9781841847634
035 $a(CKB)2670000000061930
035 $a(EBL)1407515
035 $a(SSID)ssj0000412316
035 $a(PQKBManifestationID)11913135
035 $a(PQKBTitleCode)TC0000412316
035 $a(PQKBWorkID)10365570
035 $a(PQKB)11164261
035 $a(MiAaPQ)EBC1407515
035 $a(MiAaPQ)EBC624337
035 $a(Au-PeEL)EBL1407515
035 $a(CaPaEBR)ebr10436198
035 $a(CaONFJC)MIL294167
035 $a(OCoLC)899155757
035 $a(OCoLC)907649262
035 $a(Au-PeEL)EBL624337
035 $a(OCoLC)693772834
035 $a(EXLCZ)992670000000061930
100 $a20180331d2015 uy 0
101 0 $aeng
135 $aur|n|---|||||
181 $ctxt
182 $cc
183 $acr
200 10$aAtlas of sleep medicine /$fLois E. Krahn, Michael H. Silber, Timothy I. Morgenthaler
210 1$aBoca Raton, Fla. :$cCRC Press,$d2015.
215 $a1 online resource (164 p.)
300 $aDescription based upon print version of record.
311 $a0-415-45008-X
320 $aIncludes bibliographical references and index.
327 $aFront Cover; Preface; Contents; Authors; Contributor; Chapter 1 A History of Sleep and Sleep Medicine; Chapter 2 Cross-Cultural Aspects of Sleep; Chapter 3 Animals and Sleep; Chapter 4 The Physiology of Sleep; Chapter 5 Diagnostic Tools in Sleep Medicine; Chapter 6 Sleep-Related Breathing Disorders; Chapter 7 Narcolepsy; Chapter 8 Insomnia; Chapter 9 Movement Disorders and Parasomnias; Chapter 10 Circadian Rhythm Sleep Disorders: Physiology of the Circadian Clock; Index; Back Cover
330 $a
Written by experienced contributors from the renowned Mayo Clinic, the Atlas of Sleep and Sleep Medicine covers the history, humanities, and comparative biological aspects of sleep. This highly illustrated resource includes photographs, reproductions, graphics, segments of sleep studies, and clinical algorithms to aid the clinician in the correct diagnosis and management of sleep disorders.
606 $aSleep
606 $aSleep disorders
608 $aElectronic books.
615 0$aSleep.
615 0$aSleep disorders.
676 $a616.8/498
700 $aKrahn$b Lois E.$01046516
701 $aSilber$b Michael H$01046515
701 $aMorgenthaler$b Timothy I$01046517
801 0$bMiAaPQ
801 1$bMiAaPQ
801 2$bMiAaPQ
906 $aBOOK
912 $a9910459192103321
996 $aAtlas of sleep medicine$92488364
997 $aUNINA
LEADER 02015nam0 2200493 i 450
001 VAN0123469
005 20230703125341.619
017 70$2N$a9783319522500
100 $a20190920d2017 |0itac50 ba
101 $aeng
102 $aCH
105 $a|||| |||||
200 1 $aDesign and Analysis of Experiments$fAngela Dean, Daniel Voss, Danel Dragulji?
205 $a2. ed
210 $aCham$cSpringer$d2017
215 $axxv, 840 p.$cill.$d24 cm
410 1$1001VAN0036791$12001 $aSpringer texts in statistics$1210 $aBerlin [etc.]$cSpringer
500 1$3VAN0235546$aDesign and Analysis of Experiments$91560532
606 $a62-XX$xStatistics [MSC 2020]$3VANC022998$2MF
606 $a62Kxx$xDesign of statistical experiments [MSC 2020]$3VANC023621$2MF
610 $aAnalysis of Experiments$9KW:K
610 $aAnalysis of covariance$9KW:K
610 $aBlocking factors$9KW:K
610 $aDesign of experiments$9KW:K
610 $aFactorial experiments$9KW:K
610 $aFitting models$9KW:K
610 $aInference for Contrasts$9KW:K
610 $aPlanning experiments$9KW:K
610 $aPolynomial regression$9KW:K
610 $aRandom effects$9KW:K
610 $aVariation$9KW:K
620 $aCH$dCham$3VANL001889
700 1$aDean$bAngela$3VANV094891$0495039
701 1$aDragulji?$bDanel$3VANV094893$0766807
701 1$aVoss$bDaniel$3VANV094892$0258245
712 $aSpringer $3VANV108073$4650
801 $aIT$bSOL$c20240614$gRICA
856 4 $uhttp://doi.org/10.1007/978-3-319-52250-0$zE-book ? Accesso al full-text attraverso riconoscimento IP di Ateneo, proxy e/o Shibboleth
899 $aBIBLIOTECA DEL DIPARTIMENTO DI MATEMATICA E FISICA$1IT-CE0120$2VAN08
912 $fN
912 $aVAN0123469
950 $aBIBLIOTECA DEL DIPARTIMENTO DI MATEMATICA E FISICA$d08CONS e-book 0618 $e08eMF618 20190920
996 $aDesign and Analysis of Experiments$91560532
997 $aUNICAMPANIA
LEADER 04053nam 22007935 450
001 9910620195703321
005 20251118142448.0
010 $a3-031-13213-0
024 7 $a10.1007/978-3-031-13213-1
035 $a(MiAaPQ)EBC7120668
035 $a(Au-PeEL)EBL7120668
035 $a(CKB)25188927200041
035 $a(PPN)265856434
035 $a(DE-He213)978-3-031-13213-1
035 $a(EXLCZ)9925188927200041
100 $a20221021d2022 u| 0
101 0 $aeng
135 $aurcnu||||||||
181 $ctxt$2rdacontent
182 $cc$2rdamedia
183 $acr$2rdacarrier
200 10$aTime Series Models /$fby Manfred Deistler, Wolfgang Scherrer
205 $a1st ed. 2022.
210 1$aCham :$cSpringer International Publishing :$cImprint: Springer,$d2022.
215 $a1 online resource (213 pages)
225 1 $aLecture Notes in Statistics,$x2197-7186 ;$v224
300 $aIncludes index.
311 08$aPrint version: Deistler, Manfred Time Series Models Cham : Springer International Publishing AG,c2022 9783031132124
327 $aPreface -- 1 Time Series and Stationary Processes -- 2 Prediction -- 3 Spectral Representation -- 4 Filter -- 5 Autoregressive Processes -- 6 ARMA Systems and ARMA Processes -- 7 State-Space Systems -- 8 Models with Exogenous Variables -- 9 Granger Causality -- 10 Dynamic Factor Models -- 10 ARCH and GARCH Models -- Index.
330 $aThis textbook provides a self-contained presentation of the theory and models of time series analysis. Putting an emphasis on weakly stationary processes and linear dynamic models, it describes the basic concepts, ideas, methods and results in a mathematically well-founded form and includes numerous examples and exercises. The first part presents the theory of weakly stationary processes in time and frequency domain, including prediction and filtering. The second part deals with multivariate AR, ARMA and state space models, which are the most important model classes for stationary processes, and addresses the structure of AR, ARMA and state space systems, Yule-Walker equations, factorization of rational spectral densities and Kalman filtering. Finally, there is a discussion of Granger causality, linear dynamic factor models and (G)ARCH models. The book provides a solid basis for advanced mathematics students and researchers in fields such as data-driven modeling, forecasting and filtering, which are important in statistics, control engineering, financial mathematics, econometrics and signal processing, among other subjects.
410 0$aLecture Notes in Statistics,$x2197-7186 ;$v224
606 $aTime-series analysis
606 $aStochastic processes
606 $aEconometrics
606 $aStatistics
606 $aStatistics
606 $aSignal processing
606 $aTime Series Analysis
606 $aStochastic Processes
606 $aEconometrics
606 $aStatistical Theory and Methods
606 $aStatistics in Engineering, Physics, Computer Science, Chemistry and Earth Sciences
606 $aSignal, Speech and Image Processing
606 $aAnàlisi de sèries temporals$2thub
608 $aLlibres electrònics$2thub
615 0$aTime-series analysis.
615 0$aStochastic processes.
615 0$aEconometrics.
615 0$aStatistics.
615 0$aStatistics.
615 0$aSignal processing.
615 14$aTime Series Analysis.
615 24$aStochastic Processes.
615 24$aEconometrics.
615 24$aStatistical Theory and Methods.
615 24$aStatistics in Engineering, Physics, Computer Science, Chemistry and Earth Sciences.
615 24$aSignal, Speech and Image Processing.
615 7$aAnàlisi de sèries temporals
676 $a519.55
676 $a519.55
700 $aDeistler$b M$g(Manfred),$021011
702 $aScherrer$b Wolfgang
801 0$bMiAaPQ
801 1$bMiAaPQ
801 2$bMiAaPQ
906 $aBOOK
912 $a9910620195703321
996 $aTime Series Models$92960587
997 $aUNINA